Trh nealkoholických nápojů v gastronomii

Najvýznamnejší tržný segment v gastronómii je trh nealkoholických nápojov. Zaujímavé rysy trhu nealkoholických nápojov v gastronómii v ČR.

Gespeichert in:
Bibliographische Detailangaben
1. Verfasser: Mužík, Radek
Format: Buchkapitel
Sprache:Tschechisch
Schlagworte:
Tags: Tag hinzufügen
Keine Tags, Fügen Sie das erste Tag hinzu!

MARC

LEADER 00000naa a2200000 4500
001 r043134
005 20230522105721.9
041 0 |a cze 
044 |a CZ 
245 1 0 |a Trh nealkoholických nápojů v gastronomii  |c Radek Mužík 
520 |a Najvýznamnejší tržný segment v gastronómii je trh nealkoholických nápojov. Zaujímavé rysy trhu nealkoholických nápojov v gastronómii v ČR. 
610 2 0 |a gastronómia 
610 2 0 |a nápoje nealkoholické 
610 2 0 |a trh spotrebiteľský 
610 2 0 |a analýza trhu 
610 2 0 |a Česko 
100 1 |a Mužík, Radek